Diego Rivera, paraíso perdido en Rockefeller Center (Record no. 8928)

MARC details
000 -CABECERA
campo de control de longitud fija 01360nam a2200325 a 4500
001 - NÚMERO DE CONTROL
campo de control BRL_115
005 - FECHA Y HORA DE LA ÚLTIMA TRANSACCIÓN
campo de control 20190320210609.0
008 - DATOS DE LONGITUD FIJA--INFORMACIÓN GENERAL
campo de control de longitud fija 870723s1986 mx-af#####---#000-0#spa-#
020 ## - NÚMERO INTERNACIONAL ESTÁNDAR DEL LIBRO
Número Internacional Estándar del Libro 9686126015
040 ## - FUENTE DE LA CATALOGACIÓN
Centro catalogador/agencia de origen DLC
Centro/agencia transcriptor DLC
Centro/agencia modificador DLC
041 ## - CÓDIGO DE LENGUA
Código de lengua del texto/banda sonora o título independiente spaeng
044 ## - CÓDIGO DEL PAÍS DE LA ENTIDAD EDITORA/PRODUCTORA
Código MARC del país mx
050 #4 - SIGNATURA TOPOGRÁFICA DE LA BIBLIOTECA DEL CONGRESO
Número de clasificación ND259.R5
Número de documento/Ítem .H47 1986
100 1# - ENTRADA PRINCIPAL--NOMBRE DE PERSONA
Nombre de persona Herner de Larrea, Irene
9 (RLIN) 22949
245 10 - MENCIÓN DE TÍTULO
Título Diego Rivera, paraíso perdido en Rockefeller Center
Mención de responsabilidad, etc. Irene Herner de Larrea ; cap. V, Gabriel Larrea ; cap. VI, Rafael Angel Herrerías ; prólogo, Carlos Sirvent.
260 ## - PUBLICACIÓN, DISTRIBUCIÓN, ETC.
Lugar de publicación, distribución, etc. México
Nombre del editor, distribuidor, etc. EDICUPES
Fecha de publicación, distribución, etc. 1986
300 ## - DESCRIPCIÓN FÍSICA
Extensión 216 p.
Otras características físicas il. (algunas a color), 51 láminas
Dimensiones 34 cm.
500 ## - NOTA GENERAL
Nota general Este libro se publica gracias al convenio realizado entre la Facultad de Ciencias Políticas y Sociales de la UNAM y EDICUPES, S.A. de C.V., con motivo del centenario del natalicio de Diego Rivera.
500 ## - NOTA GENERAL
Nota general Capítulo IV Hemerografía (p. 65-193) contiene artículos de periódicos en español e inglés.
500 ## - NOTA GENERAL
Nota general Au145
504 ## - NOTA DE BIBLIOGRAFÍA, ETC.
Nota de bibliografía, etc. Bibliografía: p. 215-216.
600 14 - PUNTO DE ACCESO ADICIONAL DE MATERIA--NOMBRE DE PERSONA
Nombre de persona Rivera, Diego
Fechas asociadas al nombre 1886-1957
Subdivisión general Fuentes
9 (RLIN) 22950
610 24 - PUNTO DE ACCESO ADICIONAL DE MATERIA--NOMBRE DE ENTIDAD CORPORATIVA
Nombre de entidad corporativa o nombre de jurisdicción como elemento de entrada Rockefeller Center
9 (RLIN) 22951
650 14 - PUNTO DE ACCESO ADICIONAL DE MATERIA--TÉRMINO DE MATERIA
Término de materia o nombre geográfico como elemento de entrada Pintura mural mexicana
Subdivisión cronológica Siglo XX
Subdivisión geográfica Nueva York
9 (RLIN) 22952
700 1# - PUNTO DE ACCESO ADICIONAL--NOMBRE DE PERSONA
Nombre de persona Larrea, Gabriel
9 (RLIN) 22953
700 1# - PUNTO DE ACCESO ADICIONAL--NOMBRE DE PERSONA
Nombre de persona Herrerías, Rafael Angel
9 (RLIN) 22954
700 1# - PUNTO DE ACCESO ADICIONAL--NOMBRE DE PERSONA
Nombre de persona Sirvent, Carlos
Término indicativo de función/relación prol.
9 (RLIN) 22955
902 ## - CATALOGADOR
Iniciales GRL
942 ## - ELEMENTOS DE PUNTO DE ACCESO ADICIONAL (KOHA)
Fuente del sistema de clasificación o colocación Library of Congress Classification
Tipo de ítem Koha Libros
Holdings
Estado de retiro Estado de pérdida Estado dañado No para préstamo Localización permanente Ubicación/localización actual Fecha de adquisición Número de inventario Total de préstamos Signatura topográfica completa Código de barras Fecha visto por última vez Precio válido a partir de Tipo de ítem Koha
El ejemplar forma parte de la colección y puede ser consultado según las políticas vigentes.       Biblioteca Centro de Estudios Ruth D. Lechuga Biblioteca Centro de Estudios Ruth D. Lechuga 12/10/2012 Au145   ND259.R5 .H47 1986 (Au145) GRL00127 22/03/2019 22/03/2019 Libros